Al: sluha alebo pán?
Využívanie inteligentných algoritmov v praxi. Služba na mieru a etika v oblasti finančných služieb.
Guardado en:
| Autor principal: | |
|---|---|
| Formato: | Capítulo de libro |
| Lenguaje: | eslovaco |
| Materias: | |
| Etiquetas: |
Sin Etiquetas, Sea el primero en etiquetar este registro!
|
MARC
| LEADER | 00000naa a2200000 4500 | ||
|---|---|---|---|
| 001 | 0247747 | ||
| 005 | 20180918095849.5 | ||
| 041 | 0 | |a slo | |
| 044 | |a CZ | ||
| 245 | 1 | 0 | |a Al: sluha alebo pán? |c Tomáš Jucha |
| 520 | |a Využívanie inteligentných algoritmov v praxi. Služba na mieru a etika v oblasti finančných služieb. | ||
| 610 | 2 | 0 | |a algoritmy |
| 610 | 2 | 0 | |a technológie nové |
| 610 | 2 | 0 | |a systémy informačné |
| 610 | 2 | 0 | |a bankovníctvo |
| 610 | 2 | 0 | |a služby finančné |
| 610 | 2 | 0 | |a inteligencia umelá |
| 100 | 1 | |a Jucha, Tomáš | |